TV Fan Theories Quiz Stats

 Plays Quiz Updated Apr 11, 2016

Support Sporcle.
Go Orange.
Score 0/20 Timer 06:00
5 Plays Today
% Correct
Rugrats
87.5%
Murder, She Wrote
87.3%
How I Met Your Mother
82.3%
Gilligan's Island
80.2%
The Mentalist
79.2%
The Fresh Prince of Bel-Air
78.7%
Saved by the Bell
74.3%
SpongeBob SquarePants
72.3%
Lost
70.9%
Sesame Street
70.1%
% Correct
The Walking Dead
67.9%
Breaking Bad
65.2%
Scooby-Doo, Where Are You!
63.1%
The Flintstones
62.6%
The Simpsons
54%
Game of Thrones
53.7%
Firefly
52.2%
The Charlie Brown and Snoopy Show
51.2%
Pretty Little Liars
47.5%
Family Guy
35.7%

From the Vault

NBA 1500+ Point Seasons (2000s)

by Jethro

Sports 12m
We wonder how many times you'd have to jump to score 1500 points. We're tired even thinking about it.
Remove Ads.
Support Sporcle.
Get the best of Sporcle when you Go Orange. This ad-free experience offers more features, more stats, and more fun while also helping to support Sporcle. Thank you for becoming a member.

Show Comments

Extras

Top Quizzes Today


Score Distribution

Your Account Isn't Verified!

In order to create a playlist on Sporcle, you need to verify the email address you used during registration. Go to your Sporcle Settings to finish the process.

Report this User

Report this user for behavior that violates our Community Guidelines.

Details: